000 00744nam a22002057a 4500
999 _c76620
_d76620
005 20210325214437.0
008 s2010 eng d
020 _a9781138842380
040 _aNALT
041 _aeng
050 _aJQ 231
_bD34 2010
245 0 0 _aDemocracy, development and decentralisation in India :
_bcontinuing debates /
_ceditors, Chandan Sengupta, Stuart Corbridge ; foreword by Anthony Giddens.
260 _aNew Delhi :
_bRoutledge,
_c2010.
300 _a341 p. :
_btables ;
_c21 cm.
650 0 _aEconomic policy
_938155
_zIndia
_xCongresses
650 0 _aDemocracy
_938156
_zIndia
_xCongresses
850 _aNALT
942 _cGB
_2lcc